书目信息 |
| 题名: |
工业企业经营管理学
|
|
| 作者: | ;复旦大学经济管理教研室 编著 | |
| 分册: | 下册 | |
| 出版信息: | 上海 复旦大学出版社 1982.9 |
|
| 页数: | 503~1125页 | |
| 开本: | 20cm | |
| 丛书名: | ||
| 单 册: | ||
| 中图分类: | F406.11 | |
| 科图分类: | ||
| 主题词: | 工业企业管理 | |
| 电子资源: | ||
| ISBN: | 4253.004 | |
| 000 | 00673nam0 22002291 450 | |
| 001 | 0000273161 | |
| 005 | 20130904104753.0 | |
| 010 | @a4253.004@dCNY2.45 | |
| 010 | @a978-7-309-00129-7@dCNY4.85 | |
| 091 | @a4253.004 | |
| 100 | @a20111104d1999 km y0chiy0121 eb | |
| 101 | 0 | @achi |
| 105 | @ay 000yy | |
| 106 | @ar | |
| 200 | 1 | @a工业企业经营管理学@9Gong Ye Qi Ye Jing Ying Guan Li Xue @f复旦大学经济管理教研室编著@h下册 |
| 210 | @a上海@c复旦大学出版社@d1982.9 | |
| 215 | @a503~1125页@d20cm | |
| 606 | 0 | @a工业企业管理 |
| 690 | @aF406.11@v3 | |
| 711 | 02 | @a复旦大学经济管理教研室@4编著 |
| 801 | 0 | @aCN@bAzMarc@c20130904 |
| 905 | @aBZT@dF406@e118:2@f2@sF406/118:2 | |
| 工业企业经营管理学/复旦大学经济管理教研室编著.下册.-上海:复旦大学出版社,1982.9 |
| 503~1125页;20cm |
| ISBN 4253.004:CNY2.45 |
| ● |
| 相关链接 |
|
|
|
正题名:工业企业经营管理学
索取号:F406/118:2
 
预约/预借
| 序号 | 登录号 | 条形码 | 馆藏地/架位号 | 状态 | 备注 |
| 1 | 2000089327 | 2000089327 | 旧书回溯/ [索取号:F406/118:2] | 在馆 | |
| 2 | 2000089328 | 2000089328 | 旧书回溯/ [索取号:F406/118:2] | 在馆 |